Za zvířátky do cirkusu /

Hlavní autor: Stránský, Michal, autor poezie pro děti
Další autoři: Poš, Petr, 1944-2015
Jazyk: Čeština
Vydáno: Praha : Albatros, 1989
Vydání: 1. vyd.
Edice: Omalovánky
Fyzický popis: 1 svazek (nestránkováno) : il.
Knihy
Uloženo v:
LEADER 00781nam a2200241 a 4500
001 000624364
003 CZ BrMZK
005 20160704115814.0
007 ta
008 020922s1989 xr a f cze d
040 |a BOA001  |b cze  |c BOA001 
080 |a 084.1(02.053.2)  |2 MRF 
100 1 |a Stránský, Michal,  |c autor poezie pro děti  |4 aut 
245 1 0 |a Za zvířátky do cirkusu /  |c Michal Stránský ; ilustrace Petr Poš 
250 |a 1. vyd. 
260 |a Praha :  |b Albatros,  |c 1989 
300 |a 1 svazek (nestránkováno) :  |b il. 
490 1 |a Omalovánky 
700 1 |a Poš, Petr,  |d 1944-2015  |7 jn20000728520  |4 ill 
830 0 |a Omalovánky 
910 |a BOA001  |b X-0944.011 
990 |a BK 
996 6 |b 2619165958  |c X-0944.011  |l MZK  |r Sklad / do 24 hodin  |n 0  |w 000624364  |u 000010  |a 1  |e BOA001  |j MZK50  |s P